| 000 | 00872nam a2200277 a 4500 | ||
|---|---|---|---|
| 001 | 30722 | ||
| 003 | BD-RjUL | ||
| 005 | 20211209051616.0 | ||
| 008 | 140412r19731961enk b 001 0 eng d | ||
| 020 | _a0710036035 | ||
| 035 | _a(BD-RjUL)30809 | ||
| 040 |
_aRSC _dEUX _beng _cBD-RjUL |
||
| 041 | _aeng | ||
| 082 |
_a152 _bARP 1973 |
||
| 100 | 1 |
_aArmstrong, D. M. _q(David Malet), _d1926- _93161 |
|
| 245 | 1 | 0 |
_aPerception and the physical world / _cby D.M. Armstrong. |
| 260 |
_aLondon : _bRoutledge & Kegan Paul, _c1961 [Reprinted 1973] |
||
| 300 |
_axii, 196 p. ; _c23 cm. |
||
| 504 | _aIncludes bibliographical footnotes and index. | ||
| 650 | 0 |
_aKnowledge, Theory of. _993375 |
|
| 650 | 0 |
_aPerception. _993376 |
|
| 830 | 0 |
_aInternational library of philosophy and scientific method _993378 |
|
| 942 |
_2ddc _cBK _01 |
||
| 999 |
_c30722 _d30722 |
||